| 000 | 004240000a22001690004500 | ||
|---|---|---|---|
| 003 | MACL | ||
| 005 | 20160113163909.0 | ||
| 008 | 160113b xxu||||| |||| 00| 0 eng d | ||
| 040 |
_aMACL _cMACL |
||
| 041 | _aEnglish | ||
| 082 | _a954/MUN | ||
| 100 |
_aMunshi, K M _932026 |
||
| 245 | _aThe Age of Imperial Unity | ||
| 260 |
_bBharatiya Vidhya Bhavan _c1960 _aBombay |
||
| 650 |
_aHistory _932027 |
||
| 942 |
_cBK _k954/Mun _2ddc |
||
| 999 |
_c36040 _d36040 |
||